00835nac a22002297a 4500001001000000003000900010005001700019008003400036040005400070072000800124100002100132100002400153110010500177245008800282260003600370300000900406490012200415500002600537650001100563650002100574650001000595BR7600882BR-BrBNA20240105113915.0230509b bl.|||m| |||| 00| 0 por d aBR-BrBNAbporcBiblioteca Nacional de Agricultura aF001 aCrisostomo, J.R.1 aSampaio, H.S. de V.1 aEmpresa Brasileira de Pesquisa Agropecuaria, Salvador, BA (Brasil). Representacao no Estado da Bahia1 aO decote na producao da mamoneira (Ricinus communis, L.)na Bahia [pratica cultural]3 aSalvador, BA (Brasil): c1975.  a8 p. aComunicado Tecnico - Empresa Brasileira de Pesquisa Agropecuaria. Representacao no Estado da Bahia (Brazil)vno. 12x aSummary (Pt); 10 ref. aMAMONA aPRATICA CULTURAL aBAHIA